Statistics for Finnish things [pic]

Click here to take the quiz!

General Stats

  • This quiz has been taken 23 times
  • The average score is 13 of 16

Answer Stats

Answer% Correct
sauna
95%
vodka
95%
Aurora Borealis
90%
coffee
90%
ice hockey
90%
Joulupukki / Santa
90%
Nokia
90%
Ahvenanmaa / Åland
81%
salmiakki
76%
Wife-carrying / Eukonkanto
76%
Jean Sibelius
71%
Kekkonen
71%
Mämmi
71%
metal
62%
Rally
62%
Kalakukko
57%

Score Distribution

Percentile by Number Answered

Percent of People with Each Score

Your Score History

You have not taken this quiz